Essentials of human anatomy & physiology / (Record no. 356002)
[ view plain ]
| 000 -LEADER | |
|---|---|
| fixed length control field | 00340nam a2200121Ia 4500 |
| 008 - FIXED-LENGTH DATA ELEMENTS--GENERAL INFORMATION | |
| fixed length control field | 180219s9999 xx 000 0 und d |
| 020 ## - INTERNATIONAL STANDARD BOOK NUMBER | |
| International Standard Book Number | 9814058769 |
| 100 ## - MAIN ENTRY--PERSONAL NAME | |
| Personal name | Marieb, Elaine N. |
| 245 ## - TITLE STATEMENT | |
| Title | Essentials of human anatomy & physiology / |
| 250 ## - EDITION STATEMENT | |
| Edition statement | 6th ed |
| 260 ## - PUBLICATION, DISTRIBUTION, ETC. (IMPRINT) | |
| Place of publication, distribution, etc | Singapore : |
| Name of publisher, distributor, etc | Pearson education asia |
| Date of publication, distribution, etc | 2002 |
| 300 ## - PHYSICAL DESCRIPTION | |
| Extent | v, 558 pages |
| Withdrawn status | Lost status | Damaged status | Home library | Current library | Shelving location | Date acquired | Source of acquisition | Total Checkouts | Full call number | Barcode | Date last seen | Price effective from | Koha item type |
|---|---|---|---|---|---|---|---|---|---|---|---|---|---|
| College Library | College Library | General Circulation Section | 02/19/2018 | QP 34.5 .M335 2002 | c21275 | 05/15/2018 | 02/19/2018 | Books |